00876nam a2200205 4500001000700000003000900007005001700016007000300033008004100036100004400077245014200121260005200263300003900315500006400354700004700418710002800465852003200493999001900525952012600544138105ES-MaACL20250630032908.0t|070214s1960 sp r ||||1| spa d1 aSánchez-Pedreño, Antonio J.910283713aEl análisis monetario en España / ctrabajo realizado por D. Antonio J. Sánchez-Pedreño ; bajo la dirección de D. Juan Sardá. aMadrid : b[s. n.], c1960 (fGráf. Reunidas) a61 p. ; c25 cm + e4 lám. pleg. aPrecede al tít.: Banco de España. Servicio de Estudios.1 aSardá Dexeus, Juan (d1910-1995)910378820aBanco de España92104 aES-MaACLjC-21847 bR.50860 c138105d138105 00104070aATENEOMbATENEOMcGaleríad2008-01-17eSCl0oC-21847p1143709r2023-02-23 00:00:00w2023-02-23yMONOGRAFIA